[Event "Interne Beker Vlederland"]
[Site "SchemingMind.com"]
[Date "2006.11.02"]
[Round "-"]
[White "Erhaem"]
[Black "boluc"]
[Result "1-0"]
[WhiteCountry "NED"]
[BlackCountry "BEL"]
[WhiteElo "2122"]
[WhiteRD "63"]
[BlackElo "1460"]
[BlackRD "121"]
[GameID "74264"]

1. d4 d5 2. Nf3 c6 3. c4 e6 4. Qc2 Nf6 5. g3 Nbd7 6. Bg2 g6 7. O-O Bg7 8. c5 O-O 9. Rd1 b5 10. Bf4 Nh5
11. Bd6 Re8 12. a4 Nhf6 13. axb5 cxb5 14. Nc3 a6 15. Nxb5 Bb7 16. Nc7 Ne4 17. Rdc1 Nxd6 18. cxd6 Rc8 19. Qb3 Rb8 20. Nxe8 Qxe8
21. Rc7 Bc8 22. Qc3 Nb6 23. Ne5 Bb7 24. Qc5
1-0

[Event "Interne Beker Vlederland"]
[Site "SchemingMind.com"]
[Date "2006.11.01"]
[Round "-"]
[White "Orange Lion"]
[Black "Argeon"]
[Result "1-0"]
[WhiteCountry "NED"]
[BlackCountry "BEL"]
[WhiteElo "2232"]
[WhiteRD "81"]
[BlackElo "1435"]
[BlackRD "105"]
[GameID "74265"]

1. e4 e5 2. f4 exf4 3. Nf3 Nf6 4. e5 Ng4 5. h3 Nh6 6. d4 Nc6 7. Bxf4 Nxd4 8. Qxd4 Nf5 9. Qe4 Nh4 10. Nxh4 Qxh4+
11. g3 Qd8 12. Nc3 Bc5 13. O-O-O a5 14. Nd5 O-O 15. Nf6+ gxf6 16. Bd3 f5 17. Qxf5 Re8 18. Qxh7+ Kf8 19. Qh8+ Ke7 20. Qf6+ Kf8
21. Bh6+ Kg8 22. Qg7#
1-0

[Event "Interne Beker Vlederland"]
[Site "SchemingMind.com"]
[Date "2006.10.31"]
[Round "-"]
[White "chessjohn"]
[Black "oscar"]
[Result "0-1"]
[WhiteCountry "NED"]
[BlackCountry "NED"]
[WhiteElo "1739"]
[WhiteRD "110"]
[BlackElo "2199"]
[BlackRD "101"]
[GameID "74266"]

1. d4 Nf6 2. Nf3 e6 3. Bg5 d5 4. c3 Be7 5. Nbd2 O-O 6. e3 b6 7. Bd3 Nbd7 8. b4 c5 9. bxc5 bxc5 10. Bxf6 Nxf6
11. O-O c4 12. Bb1 Ba3 13. Bc2 Qa5 14. e4 Qxc3 15. e5 Nd7 16. Bxh7+ Kxh7 17. Ng5+ Kg6 18. Qg4 f5 19. Qh4 Nf6 20. exf6 Qxd2
21. fxg7 Qxg5 22. Qxg5+ Kxg5 23. gxf8=Q Bxf8 24. f4+ Kg6 25. a4 Bg7
0-1

[Event "Interne Beker Vlederland"]
[Site "SchemingMind.com"]
[Date "2006.10.31"]
[Round "-"]
[White "mindgame"]
[Black "John Elburg"]
[Result "0-1"]
[WhiteCountry "BEL"]
[BlackCountry "NED"]
[WhiteElo "1586"]
[WhiteRD "97"]
[BlackElo "2210"]
[BlackRD "93"]
[GameID "74267"]

1. d4 Nf6 2. c4 e6 3. Nc3 Bb4 4. Nf3 b6 5. Bg5 Bb7 6. Nd2 h6 7. Bh4 Bxc3 8. bxc3 d6 9. f3 Nbd7 10. e4 Qe7
11. c5 bxc5 12. Rb1 Bc6 13. Nc4 g5 14. Bf2 a5 15. Bd3 d5 16. e5 dxc4 17. exf6 Qxf6 18. Bxc4 g4 19. Bg3 gxf3 20. O-O cxd4
21. cxd4 Be4 22. Rb7 Bxb7
0-1

[Event "Interne Beker Vlederland"]
[Site "SchemingMind.com"]
[Date "2006.11.01"]
[Round "-"]
[White "boluc"]
[Black "Erhaem"]
[Result "0-1"]
[WhiteCountry "BEL"]
[BlackCountry "NED"]
[WhiteElo "1469"]
[WhiteRD "120"]
[BlackElo "2087"]
[BlackRD "65"]
[GameID "74277"]

1. e4 e5 2. Nf3 Nc6 3. Bb5 a6 4. Ba4 Nf6 5. O-O Be7 6. Re1 b5 7. Bb3 d6 8. c3 O-O 9. h3 Bb7 10. d4 Re8
11. d5 Na5 12. Bc2 c6 13. dxc6 Nxc6 14. Nbd2 Qc7 15. Nb3 b4 16. c4 Nd8 17. Bd3 Ne6 18. Bd2 a5 19. a4 Qd7 20. Be3 Nxe4
21. Qc2 Nf6 22. Be2 Be4
0-1

[Event "Interne Beker Vlederland"]
[Site "SchemingMind.com"]
[Date "2006.11.01"]
[Round "-"]
[White "Argeon"]
[Black "Orange Lion"]
[Result "0-1"]
[WhiteCountry "BEL"]
[BlackCountry "NED"]
[WhiteElo "1630"]
[WhiteRD "85"]
[BlackElo "2266"]
[BlackRD "72"]
[GameID "74278"]

1. e4 e6 2. d4 d5 3. exd5 exd5 4. Nf3 Nf6 5. c4 Bb4+ 6. Bd2 O-O 7. Bxb4 Re8+ 8. Be2 Nc6 9. Bc3 dxc4 10. Na3 Nd5
11. Nxc4 Nf4 12. Ne3 Bg4 13. h3 Nxg2+ 14. Kd2 Nxe3 15. fxe3 Bf5 16. Bc4 Qe7 17. Qg1 Rad8 18. Rf1 Bg6 19. h4 Qc5 20. Bd3 Qd5
21. Bxg6 hxg6 22. a3 Rd7 23. Kc1 Rde7 24. Qg5 Qxg5 25. Nxg5 f6 26. d5 Nd8 27. Bxf6 gxf6 28. Rxf6 Kg7 29. Rf3 c6 30. e4 cxd5
31. exd5 Rc7+ 32. Rc3 Rxc3+ 33. bxc3 Re2 34. a4 Kf8 35. Rd1 Ke7 36. Rd4 Nf7 37. Nxf7 Kxf7 38. Kd1 Re5 39. Kd2 Ke7 40. c4 Kd6
41. Rg4 Kc5 42. Kd3 Rf5 43. Rxg6 Rf4 44. d6 Rxh4 45. Rg7 Rd4+ 46. Ke3 Rxd6 47. Rg4= Ra6 48. Rg5+ Kxc4 49. a5 Re6+ 50. Kd2 Rd6+
51. Kc2 Rd7 52. a6 b5 53. Rg4+ Kc5 54. Kb3 Rd3+ 55. Kb2 Rd6 56. Rg5+ Kb6
0-1

[Event "Interne Beker Vlederland"]
[Site "SchemingMind.com"]
[Date "2006.10.30"]
[Round "-"]
[White "oscar"]
[Black "chessjohn"]
[Result "1-0"]
[WhiteCountry "NED"]
[BlackCountry "NED"]
[WhiteElo "2210"]
[WhiteRD "99"]
[BlackElo "1765"]
[BlackRD "118"]
[GameID "74279"]

1. d4 d5 2. Nf3 Nf6 3. Nc3 e6 4. Bg5 Nbd7 5. e4 dxe4 6. Nxe4 Be7 7. Nxf6+ Bxf6 8. Bxf6 Nxf6 9. Bd3 O-O 10. c3 b6
11. O-O Bb7 12. Qe2 Rc8 13. Rfe1 c5 14. Rad1 c4 15. Bc2 b5 16. Ne5 Qd5 17. f4 g6 18. Qf2 Nh5 19. Be4
1-0

[Event "Interne Beker Vlederland"]
[Site "SchemingMind.com"]
[Date "2006.10.31"]
[Round "-"]
[White "John Elburg"]
[Black "mindgame"]
[Result "1-0"]
[WhiteCountry "NED"]
[BlackCountry "BEL"]
[WhiteElo "2210"]
[WhiteRD "93"]
[BlackElo "1586"]
[BlackRD "97"]
[GameID "74280"]

1. e4 c5 2. Nf3 d6 3. d4 cxd4 4. Nxd4 Nf6 5. Nc3 g6 6. Be3 Bg7 7. f3 O-O 8. Qd2 Nc6 9. O-O-O Bd7 10. Bc4 Ne5
11. Bb3 Qa5 12. h4 Rfc8 13. Kb1 Nc4 14. Bxc4 Rxc4 15. Nb3 Qc7 16. g4 a6 17. g5 Nh5 18. Nd5 Qd8 19. Nb6 Rac8 20. Nxc4 Rxc4
21. Bd4 b5 22. Bxg7 Kxg7 23. e5 Bf5 24. Nd4
1-0

[Event "Interne Beker Vlederland"]
[Site "SchemingMind.com"]
[Date "2006.11.04"]
[Round "-"]
[White "Quirine"]
[Black "Cruyce"]
[Result "1/2-1/2"]
[WhiteCountry "NED"]
[BlackCountry "BEL"]
[WhiteElo "1907"]
[WhiteRD "76"]
[BlackElo "2015"]
[BlackRD "77"]
[GameID "74534"]

1. d4 d5 2. Nf3 Nc6 3. c4 Bg4 4. e3 e5 5. Be2 exd4 6. cxd5 Bb4+ 7. Bd2 Bxd2+ 8. Qxd2 Qxd5 9. Nc3 Qh5 10. exd4 O-O-O
11. d5 Nf6 12. O-O-O Nb4 13. h3 Bxf3 14. Bxf3 Qg6 15. a3 Nbxd5 16. Nxd5 Nxd5 17. Bxd5 c6 18. Bxf7 Qxf7 19. Qe3 Kb8 20. Qe5+= Ka8
21. f3 Rde8 22. Qc3 h6=
1/2-1/2

[Event "Interne Beker Vlederland"]
[Site "SchemingMind.com"]
[Date "2006.11.02"]
[Round "-"]
[White "Sjakkie"]
[Black "macb4"]
[Result "0-1"]
[WhiteCountry "NED"]
[BlackCountry "NED"]
[WhiteElo "1444"]
[WhiteRD "99"]
[BlackElo "2018"]
[BlackRD "110"]
[GameID "74535"]

1. e4 d5 2. e5 Bf5 3. d4 e6 4. c3 c5 5. Nf3 Nc6 6. Be3 Qb6 7. b3 Rc8 8. Be2 cxd4 9. cxd4 Nb4 10. Na3 Qa5
11. Nb5 Nc2+ 12. Kf1 Nxa1 13. Qxa1 a6 14. Bd2 Qd8 15. Nc3 Bb4 16. a3 Qa5 17. a4 Bxc3 18. Bxc3 Qxc3 19. Qxc3 Rxc3 20. h3 Rxb3
21. g4 Be4 22. Rg1 Bxf3 23. Bxf3 Rxf3 24. h4 Ne7 25. h5 Ra3 26. g5 Rxa4 27. Rg4 Nc6 28. f4 Rxd4 29. h6 gxh6 30. gxh6 Nxe5
0-1

[Event "Interne Beker Vlederland"]
[Site "SchemingMind.com"]
[Date "2006.11.04"]
[Round "-"]
[White "Cruyce"]
[Black "Quirine"]
[Result "1-0"]
[WhiteCountry "BEL"]
[BlackCountry "NED"]
[WhiteElo "2106"]
[WhiteRD "73"]
[BlackElo "1935"]
[BlackRD "75"]
[GameID "74543"]

1. d4 Nf6 2. Nf3 g6 3. g3 Bg7 4. Bg2 O-O 5. O-O d6 6. c4 Nbd7 7. Nc3 e5 8. e3 Re8 9. a4 c6 10. b3 exd4
11. Nxd4 Qc7 12. a5 a6 13. Bb2 Nc5 14. b4 Ne6 15. Nf3 Bd7 16. Qd2 Rad8 17. Rfd1 Bc8 18. Rab1 c5 19. Nd5 Nxd5 20. cxd5 Nf8
21. Bxg7 Kxg7 22. bxc5 dxc5 23. d6 Qd7 24. Qc3+ f6 25. Qxc5 Ne6 26. Qb4 g5 27. h3 Nf8 28. Nd4 Re5 29. Rbc1 Ne6 30. Nxe6+ Qxe6
31. Qb6 Qe8 32. Rxc8 Rxc8 33. Qxb7+
1-0

[Event "Interne Beker Vlederland"]
[Site "SchemingMind.com"]
[Date "2006.11.02"]
[Round "-"]
[White "macb4"]
[Black "Sjakkie"]
[Result "1-0"]
[WhiteCountry "NED"]
[BlackCountry "NED"]
[WhiteElo "1906"]
[WhiteRD "143"]
[BlackElo "1453"]
[BlackRD "131"]
[GameID "74544"]

1. e4 e5 2. Nf3 Nc6 3. d4 exd4 4. Nxd4 d6 5. c4 Nf6 6. Nc3 Qe7 7. f3 Qe5 8. Ndb5 Qe7 9. Bg5 h6 10. Nd5 Qd7
11. Bxf6 a6 12. Nbxc7+ Qxc7 13. Nxc7+ Kd7 14. Nxa8 gxf6 15. Nb6+ Kd8 16. c5 Be6 17. Bc4 Bxc4 18. Nxc4 Kc7 19. cxd6+ Kd7 20. Qd5 Rh7
21. O-O h5 22. Qf5+ Kd8 23. Qxh7 b5 24. Qxf7 bxc4 25. Qc7+
1-0

[Event "Interne Beker Vlederland"]
[Site "SchemingMind.com"]
[Date "2006.11.02"]
[Round "-"]
[White "lovipetol"]
[Black "Ninaber"]
[Result "0-1"]
[WhiteCountry "BEL"]
[BlackCountry "NED"]
[WhiteElo "1454"]
[WhiteRD "105"]
[BlackElo "2067"]
[BlackRD "101"]
[GameID "74683"]

1. e4 c6 2. Nf3 d5 3. e5 Bg4 4. Be2 e6 5. O-O Nd7 6. Nc3 Bxf3 7. Bxf3 d4 8. Nb1 Nxe5 9. Re1 Qa5 10. Re4 O-O-O
11. Qe1 Nxf3+ 12. gxf3 Qh5 13. Qe2 Nf6 14. Re5 Qg6+ 15. Kf1 Qh6 16. Na3 Qxh2 17. Ke1 Nd5 18. Re4 h5 19. Rxd4 h4 20. d3 h3
21. Kd2 Qg1 22. c4 h2 23. cxd5 h1=Q 24. Ra4 Rh2 25. Rxa7 Qxf2 26. Ra8+ Kc7 27. Qxf2 Rxf2+ 28. Kc3 Qe1+ 29. Kb3 Qb4#
0-1

[Event "Interne Beker Vlederland"]
[Site "SchemingMind.com"]
[Date "2006.11.02"]
[Round "-"]
[White "Ninaber"]
[Black "lovipetol"]
[Result "1-0"]
[WhiteCountry "NED"]
[BlackCountry "BEL"]
[WhiteElo "2034"]
[WhiteRD "100"]
[BlackElo "1442"]
[BlackRD "104"]
[GameID "74694"]

1. e4 e5 2. Nf3 Nc6 3. Bb5 Qf6 4. Nc3 Nge7 5. O-O a6 6. Bxc6 Nxc6 7. d4 exd4 8. Nd5 Qd8 9. Nxd4 Bc5 10. Nf5 O-O
11. b4 Nxb4 12. Nxb4 Bxb4 13. Qd4 c5 14. Qxg7#
1-0

[Event "Interne Beker Vlederland"]
[Site "SchemingMind.com"]
[Date "2006.11.13"]
[Round "-"]
[White "meijster"]
[Black "Edwin de Jonge"]
[Result "1-0"]
[WhiteCountry "NED"]
[BlackCountry "NED"]
[WhiteElo "1935"]
[WhiteRD "97"]
[BlackElo "1181"]
[BlackRD "216"]
[GameID "76461"]

1. e4 Nf6 2. e5 Nd5 3. d4 d6 4. c4 Nb6 5. f4 dxe5 6. fxe5 Nc6 7. Be3 g6 8. Be2 Bg7 9. Nf3 Bg4 10. O-O O-O
11. a4 a5 12. b3 e6 13. h3 Bxf3 14. Bxf3 Rb8 15. Qd2 Re8 16. Bxc6 bxc6 17. Qxa5 Ra8 18. Qc5 Qd7 19. Nc3 Bf8 20. Ne4 Bxc5
21. Nf6+ Kg7 22. Nxd7 Nxd7 23. dxc5
1-0

[Event "Interne Beker Vlederland"]
[Site "SchemingMind.com"]
[Date "2006.11.14"]
[Round "-"]
[White "Edwin de Jonge"]
[Black "meijster"]
[Result "0-1"]
[WhiteCountry "NED"]
[BlackCountry "NED"]
[WhiteElo "1186"]
[WhiteRD "214"]
[BlackElo "1969"]
[BlackRD "102"]
[GameID "76466"]

1. d4 Nf6 2. c4 c5 3. d5 b5 4. cxb5 a6 5. bxa6 g6 6. Nc3 Bxa6 7. e4 Bxf1 8. Kxf1 d6 9. Bg5 Bg7 10. Rb1 O-O
11. Nf3 Nfd7 12. Rc1 Bxc3 13. Rxc3 Rxa2 14. Qb1 Qa5 15. Qd3 Rxb2 16. g3 f5 17. exf5 Rxf5 18. Bxe7 Ne5 19. Nxe5 Rfxf2+ 20. Kg1 Qa1+
0-1

[Event "Interne Beker Vlederland"]
[Site "SchemingMind.com"]
[Date "2007.01.08"]
[Round "-"]
[White "Erhaem"]
[Black "macb4"]
[Result "0-1"]
[WhiteCountry "NED"]
[BlackCountry "NED"]
[WhiteElo "2018"]
[WhiteRD "75"]
[BlackElo "2185"]
[BlackRD "85"]
[GameID "85836"]

1. d4 Nf6 2. c4 g6 3. Nc3 Bg7 4. e4 d6 5. Nf3 O-O 6. Be2 e5 7. O-O Nc6 8. d5 Ne7 9. Re1 a5 10. Qd3 Nd7
11. Be3 b6 12. Rad1 Nc5 13. Bxc5 bxc5 14. Qe3 f5 15. Qg5 fxe4 16. Nxe4 Rf4 17. Nfd2 Bf5 18. Bf3 Bd7 19. Be2 Qf8 20. Qg3 Nf5
21. Qh3 Qe7 22. Bg4 h5 23. Bxf5 gxf5 24. Ng3 h4 25. Ne2 Rg4 26. Kh1= Bh6 27. b3 a4 28. Nc3 axb3 29. axb3 e4 30. Ncb1 Ra2
31. Re2 Rg6 32. Rde1 Qg7 33. Qxh4 Bg5 34. Qh3 Rh6 35. Qg3 f4 36. Qc3 Bf6 37. Qc1 f3
0-1

[Event "Interne Beker Vlederland"]
[Site "SchemingMind.com"]
[Date "2007.01.07"]
[Round "-"]
[White "macb4"]
[Black "Erhaem"]
[Result "1-0"]
[WhiteCountry "NED"]
[BlackCountry "NED"]
[WhiteElo "2212"]
[WhiteRD "85"]
[BlackElo "2023"]
[BlackRD "73"]
[GameID "85843"]

1. e4 c5 2. Nf3 d6 3. d4 cxd4 4. Nxd4 Nf6 5. Nc3 a6 6. Be3 e5 7. Nf3 Be7 8. Bc4 O-O 9. O-O Be6 10. Bb3 Nc6
11. Qe2 Na5 12. Rfd1 Nxb3 13. axb3 Qc7 14. Bg5 Rac8 15. Rd3 Rfd8 16. Rad1 b5 17. Bxf6 Bxf6 18. R1d2 b4 19. Nd5 Bxd5 20. Rxd5 Qb6
21. g3 Be7 22. h4 Rc6 23. Nh2 Rc5 24. Ng4 Rxd5 25. Rxd5 Rc8 26. Ne3 Rc6 27. Nc4 Qb8 28. Qd2 g6 29. h5 gxh5 30. Qh6 Qc8
31. Qxh5 Qe6 32. Ra5 Bd8 33. Ra4 a5 34. Qd1 Ra6 35. Kg2 Bc7 36. Ra1 Ra8 37. Ne3 Rb8= 38. Nf5 Kh8= 39. Qh5 Qg6 40. Qf3 Rd8
41. Rh1 Rd7 42. Rh6 Qg5 43. c4 Rd8 44. Qd1 Qg8 45. Rf6 Rd7 46. Qh5
1-0

[Event "Interne Beker Vlederland"]
[Site "SchemingMind.com"]
[Date "2007.01.22"]
[Round "-"]
[White "Ninaber"]
[Black "John Elburg"]
[Result "1/2-1/2"]
[WhiteCountry "NED"]
[BlackCountry "NED"]
[WhiteElo "2072"]
[WhiteRD "105"]
[BlackElo "2231"]
[BlackRD "89"]
[GameID "88025"]

1. e4 e6 2. d4 d5 3. Nd2 Be7 4. Bd3 c5 5. dxc5 Nf6 6. Qe2 O-O 7. Ngf3 a5 8. O-O Na6 9. e5 Nd7 10. c4 Naxc5
11. Bc2 f6 12. Rd1 fxe5 13. Nxe5 Nxe5 14. Qxe5 Bd6 15. Qe2 Qh4 16. h3 Bd7 17. Nf3 Rxf3 18. Qxf3 Qxc4 19. Bb1 g6 20. b3 Qh4
21. Bb2 Rf8 22. Qe3 b6 23. Rd4 Qh5 24. Qd2 Qe5 25. g3 Qh5 26. Bc2 Qf3 27. Bd1 Qf5 28. Bc2 Qf3= 29. Bd1 Qf5 30. Bc2 Qf3=
1/2-1/2

[Event "Interne Beker Vlederland"]
[Site "SchemingMind.com"]
[Date "2007.01.23"]
[Round "-"]
[White "John Elburg"]
[Black "Ninaber"]
[Result "0-1"]
[WhiteCountry "NED"]
[BlackCountry "NED"]
[WhiteElo "2205"]
[WhiteRD "90"]
[BlackElo "2112"]
[BlackRD "106"]
[GameID "88028"]

1. e4 c5 2. Nf3 d6 3. d4 cxd4 4. Nxd4 Nf6 5. Nc3 a6 6. Be3 e5 7. Nb3 Be7 8. f3 Be6 9. Qd2 O-O 10. O-O-O b5
11. g4 b4 12. Nd5 Bxd5 13. exd5 a5 14. Kb1 a4 15. Nc1 a3 16. b3 Qa5 17. g5 Ne8 18. h4 Nc7 19. h5 Nd7 20. f4 Nc5
21. Bg2 exf4 22. Bxf4 Nb5 23. Ne2 f5 24. g6 Bf6 25. h6 hxg6 26. h7+ Kf7 27. Rh3 Rh8 28. Rf1 Rae8 29. Be3 Bc3 30. Qc1 Qa8
31. Bf3 Ne4 32. Bxe4 Rxe4 33. Rf4 Qxd5 34. Qh1 Bf6 35. Rxe4 fxe4 36. Kc1 g5 37. Rh2 Qe5 38. Kd1 d5 39. Bd2 Qa1+ 40. Nc1 Nc3+
41. Bxc3 Qxc3
0-1

[Event "Interne Beker Vlederland"]
[Site "SchemingMind.com"]
[Date "2007.03.05"]
[Round "-"]
[White "meijster"]
[Black "Orange Lion"]
[Result "0-1"]
[WhiteCountry "NED"]
[BlackCountry "NED"]
[WhiteElo "1905"]
[WhiteRD "95"]
[BlackElo "2272"]
[BlackRD "75"]
[GameID "94808"]

1. e4 e6 2. d4 d5 3. Nd2 Nf6 4. e5 Nfd7 5. Ngf3 c5 6. c3 Nc6 7. Bd3 Qb6 8. O-O cxd4 9. cxd4 Nxd4 10. Nxd4 Qxd4
11. Nf3 Qb6 12. Qc2 h6 13. Be3 Bc5 14. Rae1 O-O 15. Qd2 Bxe3 16. Rxe3 Nc5 17. Bb1 Bd7 18. Qc2 Ne4 19. Nd2 Rfc8 20. Qd1 Ba4
21. b3 Bb5 22. Rfe1 Nc3 23. Qg4 Nxb1 24. Rg3 g6 25. Nxb1 Rc2 26. Qf4 Rac8 27. h3 Qc5 28. Rf3 Be8 29. Kh2 Qa5 30. Rd1 Qxa2
31. Nd2 g5 32. Rg3 Kh7 33. Qe3 Bb5 34. Qf3 Be8 35. Qe3 Qb2 36. Nf3 R8c3 37. Nxg5+ hxg5 38. Qxg5 Rxg3 39. Qxg3 f6 40. Re1 Rxf2
41. exf6 Rxf6 42. Re5 Qf2 43. Qxf2 Rxf2 44. Rxe6 Bc6
0-1

[Event "Interne Beker Vlederland"]
[Site "SchemingMind.com"]
[Date "2007.03.05"]
[Round "-"]
[White "Orange Lion"]
[Black "meijster"]
[Result "1-0"]
[WhiteCountry "NED"]
[BlackCountry "NED"]
[WhiteElo "2230"]
[WhiteRD "74"]
[BlackElo "1937"]
[BlackRD "94"]
[GameID "94812"]

1. Nf3 Nf6 2. c4 e6 3. d4 d5 4. Nc3 Bb4 5. cxd5 exd5 6. Bg5 Qd6 7. Bxf6 Qxf6 8. Qb3 Nc6 9. e3 Qg6 10. Rc1 Be6
11. Bb5 Bd6 12. O-O Bh3 13. Nh4 Qg4 14. Qxd5 O-O 15. Qf3 Qxh4 16. Qxh3 Qxh3 17. gxh3 Ne7 18. Ne4 a6 19. Be2 Rfe8 20. Nxd6 cxd6
21. Rc7 b5 22. Bf3 d5 23. Rfc1 Kf8 24. h4 Rad8 25. Rb7 Nf5 26. Rc5 Nxh4 27. Bxd5 Re7 28. Rb6 Ra7 29. Bb7 Ke7 30. Bxa6 Rda8
31. Bxb5 Rxa2 32. Rb7+ Kf6 33. Rc6+ Kg5 34. f4+ Kg4 35. Be2+ Kh3 36. Bf1+
1-0

[Event "Interne Beker Vlederland"]
[Site "SchemingMind.com"]
[Date "2007.03.17"]
[Round "-"]
[White "Cruyce"]
[Black "oscar"]
[Result "1-0"]
[WhiteCountry "BEL"]
[BlackCountry "NED"]
[WhiteElo "2163"]
[WhiteRD "75"]
[BlackElo "2099"]
[BlackRD "95"]
[GameID "96599"]

1. d4 c6 2. Nf3 d5 3. c4 Nf6 4. Qc2 e6 5. g3 b6 6. Bg2 Bb7 7. O-O Nbd7 8. Nbd2 Be7 9. e4 O-O 10. e5 Ne8
11. cxd5 cxd5 12. Re1 Rc8 13. Qb3 Nc7 14. Nf1 Ba6 15. Ne3 f6 16. exf6 Bxf6 17. Ng4 Bc4 18. Nxf6+ Qxf6 19. Qe3 Qg6 20. b3 Ba6
21. a4 Rf6 22. Ba3 Qe8= 23. Rac1 Qd8 24. Bd6 h6 25. Bh3 Nf8 26. Be5 Rf7 27. Bf4 Re7 28. Qd2 Ne8 29. Rxc8 Bxc8 30. Qc2 Rf7
31. Rc1 Bb7 32. Kg2 Rf6 33. Ne5 Qe7 34. Bg4 Nd7 35. h4 Nf8= 36. h5 a6 37. Be2 Rf5 38. Kg1 Nd7 39. Ng6 Qb4 40. Bg4 Rf6
41. Qd3 Nf8 42. Be5 Rf7 43. Nxf8 Rxf8 44. Bxe6+ Kh8 45. Qe3
1-0

[Event "Interne Beker Vlederland"]
[Site "SchemingMind.com"]
[Date "2007.03.17"]
[Round "-"]
[White "oscar"]
[Black "Cruyce"]
[Result "1/2-1/2"]
[WhiteCountry "NED"]
[BlackCountry "BEL"]
[WhiteElo "2156"]
[WhiteRD "94"]
[BlackElo "2151"]
[BlackRD "76"]
[GameID "96605"]

1. d4 d5 2. e3 e6 3. Bd3 c5 4. Nf3 Nc6 5. O-O Nf6 6. b3 b6 7. Bb2 Be7 8. dxc5 bxc5 9. Nbd2 O-O 10. c4 Ba6
11. Ne5 Nxe5 12. Bxe5 Nd7 13. Bg3 Nb6 14. Qc2 f5 15. Rac1 Qe8 16. Rfd1 Qg6 17. cxd5 Bxd3 18. Qxd3 exd5 19. Bc7 Qc6 20. Be5 Qe6
21. Nf3 Rfc8 22. Qc3 Qf7= 23. Qd2 Bf6 24. Qb2 Nd7 25. Bxf6 Qxf6 26. Qe2 Nb6 27. a4 a5 28. Qb5 Qd6 29. Nh4 g6 30. Nf3 c4
31. bxc4 Rc5 32. Qb3 Rac8 33. Rb1 Nxc4 34. Nd4 Qf6 35. Qb7=
1/2-1/2

[Event "Interne Beker Vlederland"]
[Site "SchemingMind.com"]
[Date "2007.09.03"]
[Round "-"]
[White "macb4"]
[Black "Orange Lion"]
[Result "1/2-1/2"]
[WhiteCountry "NED"]
[BlackCountry "NED"]
[WhiteElo "2211"]
[WhiteRD "93"]
[BlackElo "2201"]
[BlackRD "83"]
[GameID "119030"]

1. f4 Nf6 2. Nf3 d5 3. g3 g6 4. Bg2 Bg7 5. O-O O-O 6. d3 c5 7. c3 Nc6 8. Na3 Qb6 9. Kh1 Rd8 10. Qc2 Bf5
11. Be3 Rac8 12. Nh4 Bg4 13. Nf3 Bxf3 14. Bxf3 Nd4 15. Bxd4 cxd4 16. c4 e6 17. Qa4 a6 18. Rfc1 Bf8 19. Rab1 h5 20. Qb3 Qxb3
21. axb3 Bh6 22. cxd5 Nxd5 23. Kg1 Bf8 24. Nc4 Rc6 25. Nd2 Rb6 26. Bxd5 Rxd5 27. Rc8 Kg7 28. Rbc1 g5 29. fxg5 Rxg5 30. Ne4 Rg6
31. R8c7 Kg8 32. Rd7 f5 33. Nd2 f4 34. Rd8 Rb5 35. Ne4 fxg3 36. hxg3 Rd5 37. Rb8 h4 38. Rxb7 hxg3 39. Kg2=
1/2-1/2

[Event "Interne Beker Vlederland"]
[Site "SchemingMind.com"]
[Date "2007.09.04"]
[Round "-"]
[White "Orange Lion"]
[Black "macb4"]
[Result "0-1"]
[WhiteCountry "NED"]
[BlackCountry "NED"]
[WhiteElo "2207"]
[WhiteRD "81"]
[BlackElo "2233"]
[BlackRD "95"]
[GameID "119043"]

1. Nf3 b6 2. g3 Bb7 3. Bg2 e6 4. d4 f5 5. O-O Nf6 6. c4 g6 7. Nc3 Bg7 8. Bf4 O-O 9. Nb5 Ne8 10. Qd2 a6
11. Nc3 Nd6 12. b3 Nf7 13. Rad1 Nc6 14. Ng5 Qc8 15. Nxf7 Rxf7 16. d5 Ne7 17. Bh6 Bxh6 18. Qxh6 e5 19. Qe3 d6 20. f4 exf4
21. Qxf4 Qf8 22. Qd2 Re8 23. Rde1 Bc8 24. e4 Qg7 25. exf5 Rxf5 26. Rxf5 Bxf5 27. Ne2 Bd7 28. Nd4 Rf8 29. a3 Nf5 30. Ne6 Bxe6
31. dxe6 Qd4+ 32. Qxd4 Nxd4 33. Bd5 Kg7 34. Re4 Nf3+ 35. Kh1 Ne5 36. Rd4 Kf6 37. b4 c6 38. Bg2 Kxe6 39. Rf4 Rxf4 40. gxf4 Nxc4
0-1

[Event "Interne Beker Vlederland"]
[Site "SchemingMind.com"]
[Date "2008.01.23"]
[Round "-"]
[White "Cruyce"]
[Black "macb4"]
[Result "0-1"]
[WhiteCountry "BEL"]
[BlackCountry "NED"]
[WhiteElo "2194"]
[WhiteRD "75"]
[BlackElo "2250"]
[BlackRD "101"]
[GameID "138272"]

1. d4 e6 2. c4 f5 3. g3 Nf6 4. Bg2 Be7 5. Nf3 O-O 6. O-O d6 7. Nc3 a5 8. b3 Ne4 9. Bb2 Nxc3 10. Bxc3 Qe8
11. Qd3 Qh5 12. e4 f4 13. e5 d5 14. Rac1 c6 15. Bd2 Na6 16. Bxa5 Nc5 17. dxc5 Rxa5 18. cxd5 exd5 19. b4 Rxa2 20. Ra1 Rxa1
21. Rxa1 Bg4 22. Nd4 Qxe5 23. Rc1 Bg5 24. Rb1 Bf6 25. Nf3 Qe4
0-1

[Event "Interne Beker Vlederland"]
[Site "SchemingMind.com"]
[Date "2008.01.23"]
[Round "-"]
[White "macb4"]
[Black "Cruyce"]
[Result "1-0"]
[WhiteCountry "NED"]
[BlackCountry "BEL"]
[WhiteElo "2276"]
[WhiteRD "106"]
[BlackElo "2052"]
[BlackRD "71"]
[GameID "138284"]

1. e4 e5 2. Nf3 Nc6 3. Bb5 Nd4 4. Nxd4 exd4 5. O-O h5 6. c3 Bc5 7. cxd4 Bxd4 8. Nc3 c6 9. Bc4 Ne7 10. Qf3 O-O
11. Qxh5 d6 12. d3 b5 13. Bb3 a5 14. Ne2 Bf6 15. d4 g6 16. Qf3 Bg7 17. Bf4 a4 18. Bc2 d5 19. e5 Be6 20. Rac1 Qd7
21. Qc3 Rac8 22. Rfe1 Rfe8 23. Bg5 Nf5 24. Nf4 Rc7 25. Nd3 Bf8 26. Nc5 Qc8 27. Bxf5 Bxf5 28. Qg3 Bg7 29. Qh4 Be6 30. Re3
1-0